Loading...
| Current Events | 4 | 10.00 | 75% | 25% | 0% |
| Fine Arts - Classical Music | 7 | 22.86 | 100% | 100% | 29% |
| Fine Arts - Other | 11 | 16.36 | 91% | 55% | 18% |
| Fine Arts - Painting & Sculpture | 6 | 18.33 | 100% | 67% | 17% |
| Geography | 5 | 16.00 | 100% | 60% | 0% |
| History - American | 9 | 15.56 | 100% | 33% | 22% |
| History - European | 8 | 6.25 | 50% | 13% | 0% |
| History - Other | 9 | 15.56 | 89% | 67% | 0% |
| History - World | 7 | 11.43 | 100% | 14% | 0% |
| Literature - American | 9 | 16.67 | 89% | 78% | 0% |
| Literature - British | 10 | 19.00 | 100% | 80% | 10% |
| Literature - European | 8 | 16.25 | 100% | 50% | 13% |
| Literature - World | 10 | 17.00 | 90% | 80% | 0% |
| Mythology | 4 | 17.50 | 100% | 75% | 0% |
| Other Academic | 4 | 15.00 | 100% | 50% | 0% |
| Philosophy | 9 | 14.44 | 78% | 67% | 0% |
| Religion | 10 | 15.00 | 100% | 50% | 0% |
| Science - Biology | 8 | 15.00 | 100% | 50% | 0% |
| Science - Chemistry | 14 | 17.86 | 93% | 50% | 36% |
| Science - Other | 8 | 17.50 | 100% | 63% | 13% |
| Science - Physics | 5 | 16.00 | 80% | 80% | 0% |
| Social Science | 9 | 12.22 | 89% | 33% | 0% |